000 00491nam a22001937a 4500
003 MPLRDC
005 20220104202954.0
008 210129b ||||| |||| 00| 0 eng d
020 _a978-983-3941-23-0
082 _a868.71 YC-4 c.2
100 _a傅承得、刘艺婉 编
245 _a游川式
_c
250 _a一版一刷
260 _a马来西亚
_b大将出版社
_c2007
300 _b
490 _a千秋文学: 52
650 _a马华文学
942 _cBK
_o868.71 YC-4 c.2
999 _c67904
_d67894